| 000 | 00483nam a2200157Ia 4500 | ||
|---|---|---|---|
| 008 | 190719s9999||||xx |||||||||||||| ||und|| | ||
| 020 |
_a9781906915346 _c£ 50.00 |
||
| 040 | _aIMU Kochi | ||
| 082 | 0 | 4 |
_a623.88 _bH8801 |
| 110 | _aThe Nautical Institute | ||
| 245 | 0 |
_aHuman Performance and Limitation for Mariners / _cThe Nautical Institute |
|
| 260 |
_aLondon : _bThe Nautical Institute , _c2015 |
||
| 300 |
_avi, 96 p. _b : col. ill. _c; 24 cm. |
||
| 650 | _aSailors | ||
| 942 |
_2ddc _cBK |
||
| 999 |
_c21 _d21 |
||